000
00290nam a2200121Ia 4500
008
190216s9999||||xx |||||||||||||| ||und||
100
_a
Patel Rd
245
0
_a
Petroleum And Petrochemicals
260
_b
Thomson Press India Ltd
_c
1971
300
_a
62p
650
_a
Chemistry
942
_c
REF
999
_c
35294
_d
35294